000
00241nam a22001217a 4500
003
SGT
082
_a
005.1,BAA
100
_a
BAASE,SARA
245
_a
COMPUTER ALGORITHMS
260
_b
PEARSON
_c
2012
300
_a
660
942
_2
ddc
_c
GF BOOKS
999
_c
34413
_d
34413